Sports Quiz

Random Sports or Baseball Quiz

Position by Player (Baseball) Quiz Stats

 Plays Quiz not verified by Sporcle

Challenge
Share
Tweet
Embed
Score 0/9 Timer 01:00
0 Plays Today
Player Position % Correct
Ryan BraunLeft Field
96.7%
Hanley Ramirez Shortstop
96.7%
Ivan RodriguezCatcher
96.7%
Adrian BeltreThird base
96.7%
Carlos PenaFirst base
94.4%
Livan HernandezPitcher
94.4%
Justin UptonRight Field
92.2%
B.J UptonCenter field
92.2%
Ian KingslerSecond base
88.9%

You're not logged in!

Compare scores with friends on all Sporcle quizzes.
Join for Free
OR
Log In

You Might Also Like...

Show Comments

Extras

Top Quizzes Today


Score Distribution

Your Account Isn't Verified!

In order to create a playlist on Sporcle, you need to verify the email address you used during registration. Go to your Sporcle Settings to finish the process.

Report this User

Report this user for behavior that violates our Community Guidelines.

Details: